Statistics for Top XIs: Galatasaray (1984-2023)

Click here to take the quiz!

General Stats

  • This quiz has been taken 150 times
    (105 since last reset)
  • The average score is 203 of 450

Answer Stats

HintPositionAnswer% Correct
2022/2023 TKSTMauro Icardi
88%
2022/2023STMauro Icardi
88%
2014/2015 UCLSTBurak Yilmaz
86%
2014/2015STBurak Yilmaz
86%
2013/2014STBurak Yilmaz
86%
2012/2013STBurak Yilmaz
86%
2012/2013STDidier Drogba
86%
2013/2014STDidier Drogba
86%
2015/2016MFWesley Sneijder
81%
2014/2015 UCLMFWesley Sneijder
81%
2014/2015MFWesley Sneijder
81%
2013/2014MFWesley Sneijder
81%
2016/2017MFWesley Sneijder
81%
2022/2023 TKMFDries Mertens
78%
2022/2023MFDries Mertens
78%
2006/2007MFArda Turan
77%
2009/2010MFArda Turan
77%
2007/2008MFArda Turan
77%
2008/2009MFArda Turan
77%
1994/1995STHakan Sükür
77%
2004/2005STHakan Sükür
77%
1995/1996STHakan Sükür
77%
2007/2008STHakan Sükür
77%
1996/1997 CWCSTHakan Sükür
77%
2003/2004STHakan Sükür
77%
1993/1994STHakan Sükür
77%
1997/1998STHakan Sükür
77%
1992/1993STHakan Sükür
77%
1998/1999STHakan Sükür
77%
1999/2000STHakan Sükür
77%
1996/1997STHakan Sükür
77%
2021/2022STBafétimbi Gomis
75%
2017/2018STBafétimbi Gomis
75%
1997/1998MFGheorghe Hagi
74%
1996/1997MFGheorghe Hagi
74%
1996/1997 CWCMFGheorghe Hagi
74%
1998/1999MFGheorghe Hagi
74%
1999/2000MFGheorghe Hagi
74%
2000/2001MFGheorghe Hagi
74%
2022/2023MFKerem Aktürkoglu
74%
2021/2022MFKerem Aktürkoglu
74%
2022/2023 TKMFKerem Aktürkoglu
74%
2011/2012MFFelipe Melo
72%
2014/2015 UCLMFFelipe Melo
72%
2012/2013MFFelipe Melo
72%
2013/2014MFFelipe Melo
72%
2014/2015MFFelipe Melo
72%
2022/2023MFLucas Torreira
72%
2022/2023 TKMFLucas Torreira
72%
2022/2023DFSacha Boey
71%
2021/2022DFSacha Boey
71%
2022/2023 TKDFVictor Nelsson
71%
2021/2022DFVictor Nelsson
71%
2022/2023DFVictor Nelsson
71%
2022/2023 TKDFAbdülkerim Bardakci
70%
2022/2023DFAbdülkerim Bardakci
70%
2019/2020DFMarcão
70%
2021/2022DFMarcão
70%
2020/2021DFMarcão
70%
2018/2019DFMarcão
70%
2019/2020 UCLDFMarcão
70%
2012/2013MFSelçuk İnan
70%
2013/2014MFSelçuk İnan
70%
2015/2016MFSelçuk İnan
70%
2011/2012MFSelçuk İnan
70%
2016/2017MFSelçuk İnan
70%
2014/2015MFSelçuk İnan
70%
2014/2015 UCLMFSelçuk İnan
70%
2000/2001MFOkan Buruk
67%
1992/1993MFOkan Buruk
67%
1995/1996MFOkan Buruk
67%
1999/2000MFOkan Buruk
67%
1998/1999MFOkan Buruk
67%
2005/2006DFOrhan Ak
67%
2006/2007DFOrhan Ak
67%
2013/2014DFSemih Kaya
67%
2014/2015 UCLDFSemih Kaya
67%
2016/2017DFSemih Kaya
67%
2012/2013DFSemih Kaya
67%
2014/2015DFSemih Kaya
67%
2015/2016DFSemih Kaya
67%
2011/2012DFSemih Kaya
67%
1996/1997DFBülent Korkmaz
65%
1994/1995DFBülent Korkmaz
65%
1993/1994DFBülent Korkmaz
65%
1995/1996DFBülent Korkmaz
65%
1996/1997 CWCDFBülent Korkmaz
65%
1995/1996 UC QDFBülent Korkmaz
65%
1997/1998DFBülent Korkmaz
65%
2000/2001DFBülent Korkmaz
65%
2003/2004DFBülent Korkmaz
65%
2002/2003DFBülent Korkmaz
65%
1992/1993DFBülent Korkmaz
65%
1999/2000DFBülent Korkmaz
65%
1990/1991DFBülent Korkmaz
65%
1991/1992DFBülent Korkmaz
65%
2001/2002DFBülent Korkmaz
65%
2018/2019 UCLDFYuto Nagatomo
65%
2018/2019DFYuto Nagatomo
65%
2019/2020 UCLDFYuto Nagatomo
65%
2017/2018DFYuto Nagatomo
65%
1999/2000MFEmre Belözoğlu
64%
2012/2013MFHamit Altintop
64%
2014/2015MFHamit Altintop
64%
2021/2022MFRyan Babel
64%
2020/2021MFRyan Babel
64%
2019/2020 UCLMFRyan Babel
64%
2019/2020MFRyan Babel
64%
2012/2013DFEmmanuel Eboué
62%
2011/2012DFEmmanuel Eboué
62%
2013/2014DFEmmanuel Eboué
62%
2010/2011DFSabri Sarıoğlu
62%
2003/2004MFSabri Sarıoğlu
62%
2016/2017DFSabri Sarıoğlu
62%
2014/2015DFSabri Sarıoğlu
62%
2006/2007DFSabri Sarıoğlu
62%
2008/2009DFSabri Sarıoğlu
62%
2009/2010DFSabri Sarıoğlu
62%
2007/2008DFSabri Sarıoğlu
62%
2004/2005MFSabri Sarıoğlu
62%
2022/2023 TKMFSérgio Oliveira
62%
2022/2023MFSérgio Oliveira
62%
2011/2012DFTomáš Ujfaluši
62%
2014/2015STUmut Bulut
62%
2015/2016STUmut Bulut
62%
1999/2000DFGheorghe Popescu
61%
2000/2001DFGheorghe Popescu
61%
1997/1998DFGheorghe Popescu
61%
1998/1999DFGheorghe Popescu
61%
2018/2019DFMariano
61%
2019/2020 UCLDFMariano
61%
2017/2018DFMariano
61%
2019/2020DFMariano
61%
2019/2020 UCLSTRadamel Falcao
61%
2020/2021STRadamel Falcao
61%
2019/2020STRadamel Falcao
61%
1993/1994MFSuat Kaya
61%
1995/1996 UC QMFSuat Kaya
61%
1995/1996MFSuat Kaya
61%
1999/2000MFSuat Kaya
61%
1994/1995MFSuat Kaya
61%
2013/2014DFAlbert Riera
59%
2012/2013DFAlbert Riera
59%
2016/2017DFHakan Balta
59%
2008/2009DFHakan Balta
59%
2009/2010DFHakan Balta
59%
2015/2016DFHakan Balta
59%
2011/2012DFHakan Balta
59%
2010/2011DFHakan Balta
59%
2011/2012STJohan Elmander
59%
2008/2009STMilan Baroš
59%
2011/2012STMilan Baroš
59%
2010/2011STMilan Baroš
59%
2018/2019MFSofiane Feghouli
59%
2019/2020 UCLMFSofiane Feghouli
59%
2017/2018MFSofiane Feghouli
59%
2019/2020MFSofiane Feghouli
59%
2020/2021DFChristian Luyindama
58%
2019/2020 UCLDFChristian Luyindama
58%
2022/2023 TKDFLéo Dubois
58%
2021/2022MFTaylan Antalyalı
58%
2020/2021MFTaylan Antalyalı
58%
2019/2020MFYounès Belhanda
58%
2020/2021MFYounès Belhanda
58%
2018/2019 UCLMFYounès Belhanda
58%
2017/2018MFYounès Belhanda
58%
2019/2020 UCLMFYounès Belhanda
58%
2018/2019MFYounès Belhanda
58%
2021/2022MFBerkan Kutlu
57%
2000/2001MFErgün Penbe
57%
2001/2002MFErgün Penbe
57%
1996/1997 CWCMFErgün Penbe
57%
1996/1997MFErgün Penbe
57%
1997/1998MFErgün Penbe
57%
2002/2003MFErgün Penbe
57%
1999/2000DFErgün Penbe
57%
2003/2004DFErgün Penbe
57%
2004/2005DFErgün Penbe
57%
2017/2018MFFernando
57%
2018/2019MFFernando
57%
2015/2016MFLukas Podolski
55%
2016/2017MFLukas Podolski
55%
2000/2001STMario Jardel
55%
2022/2023MFMilot Rashica
55%
2022/2023 TKMFMilot Rashica
55%
2007/2008STÜmit Karan
55%
2006/2007STÜmit Karan
55%
2005/2006STÜmit Karan
55%
2001/2002STÜmit Karan
55%
1998/1999MFHasan Şaş
54%
2001/2002MFHasan Şaş
54%
2002/2003MFHasan Şaş
54%
2000/2001MFHasan Şaş
54%
2003/2004MFHasan Şaş
54%
2006/2007MFHasan Şaş
54%
2005/2006MFHasan Şaş
54%
2018/2019MFHenry Onyekuru
54%
2018/2019 UCLMFHenry Onyekuru
54%
2019/2020MFJean Michaël Seri
54%
2019/2020 UCLMFJean Michaël Seri
54%
1994/1995DFMert Korkmaz
54%
2005/2006STNecati Ateş
54%
2004/2005STNecati Ateş
54%
2019/2020 UCLMFSteven Nzonzi
54%
2017/2018DFMaicon
52%
2010/2011MFHarry Kewell
51%
2008/2009MFHarry Kewell
51%
2009/2010MFHarry Kewell
51%
2019/2020MFMario Lemina
51%
2021/2022DFPatrick van Aanholt
51%
2022/2023DFPatrick van Aanholt
51%
2022/2023 TKDFPatrick van Aanholt
51%
2014/2015DFAlex Telles
49%
2014/2015 UCLDFAlex Telles
49%
1991/1992STArif Erdem
49%
1996/1997 CWCSTArif Erdem
49%
1995/1996STArif Erdem
49%
2002/2003STArif Erdem
49%
2001/2002STArif Erdem
49%
1993/1994STArif Erdem
49%
2013/2014DFAurélien Chedjou
49%
2015/2016MFAurélien Chedjou
49%
2014/2015 UCLDFAurélien Chedjou
49%
2014/2015DFAurélien Chedjou
49%
2018/2019 UCLSTEren Derdiyok
49%
2018/2019STEren Derdiyok
49%
2016/2017STEren Derdiyok
49%
2017/2018MFGarry Rodrigues
49%
2018/2019 UCLMFGarry Rodrigues
49%
2012/2013MFNordin Amrabat
48%
1997/1998MFTugay Kerimoğlu
48%
1992/1993MFTugay Kerimoğlu
48%
1993/1994MFTugay Kerimoğlu
48%
1996/1997 CWCMFTugay Kerimoğlu
48%
1996/1997MFTugay Kerimoğlu
48%
1995/1996 UC QMFTugay Kerimoğlu
48%
1998/1999MFTugay Kerimoğlu
48%
1995/1996MFTugay Kerimoğlu
48%
1991/1992MFTugay Kerimoğlu
48%
2010/2011MFAyhan Akman
46%
2008/2009MFAyhan Akman
46%
2006/2007MFAyhan Akman
46%
2004/2005MFAyhan Akman
46%
2005/2006MFAyhan Akman
46%
2012/2013DFDany Nounkeu
46%
2002/2003DFÜmit Davala
46%
1996/1997MFÜmit Davala
46%
1997/1998MFÜmit Davala
46%
1998/1999MFÜmit Davala
46%
1999/2000MFÜmit Davala
46%
1996/1997 CWCMFÜmit Davala
46%
2000/2001MFÜmit Davala
46%
2021/2022MFAlexandru Cicâldău
45%
2017/2018MFBadou Ndiaye
45%
2018/2019 UCLMFBadou Ndiaye
45%
2018/2019MFBadou Ndiaye
45%
2011/2012MFColin Kazim-Richards
45%
2010/2011MFColin Kazim-Richards
45%
2011/2012MFEmre Çolak
45%
2018/2019 UCLDFOzan Kabak
45%
2017/2018DFSerdar Aziz
45%
2018/2019 UCLDFSerdar Aziz
45%
1990/1991STTanju Çolak
45%
1987/1988STTanju Çolak
45%
1989/1990STTanju Çolak
45%
1988/1989STTanju Çolak
45%
2013/2014MFBruma
43%
2016/2017MFBruma
43%
1995/1996DFHakan Ünsal
43%
1996/1997DFHakan Ünsal
43%
2002/2003DFHakan Ünsal
43%
1995/1996 UC QDFHakan Ünsal
43%
1998/1999DFHakan Ünsal
43%
2001/2002DFHakan Ünsal
43%
1996/1997 CWCDFHakan Ünsal
43%
2000/2001DFHakan Ünsal
43%
2010/2011DFServet Çetin
43%
2009/2010DFServet Çetin
43%
2008/2009DFServet Çetin
43%
2007/2008DFServet Çetin
43%
2015/2016MFYasin Öztekin
43%
2000/2001DFCapone
42%
1999/2000DFCapone
42%
1984/1985MFFatih Terim
42%
2020/2021DFMarcelo Saracchi
42%
2007/2008MFMehmet Topal
42%
2009/2010MFMehmet Topal
42%
2008/2009MFMehmet Topal
42%
2006/2007DFRigobert Song
42%
2004/2005DFRigobert Song
42%
2007/2008DFRigobert Song
42%
2005/2006DFRigobert Song
42%
2019/2020DFRyan Donk
42%
2018/2019 UCLMFRyan Donk
42%
2018/2019DFRyan Donk
42%
2002/2003DFEmre Aşık
41%
2001/2002DFEmre Aşık
41%
2007/2008MFLincoln
41%
2008/2009MFLincoln
41%
2018/2019 UCLDFMartin Linnes
41%
2020/2021DFMartin Linnes
41%
2009/2010STAbdel-Kader Keïta
38%
2004/2005MFFranck Ribéry
35%
2014/2015 UCLSTGoran Pandev
35%
2015/2016DFJason Denayer
35%
2019/2020DFÖmer Bayram
35%
2005/2006DFStjepan Tomas
35%
2006/2007DFStjepan Tomas
35%
2004/2005DFStjepan Tomas
35%
1989/1990MFDževad Prekazi
33%
1986/1987MFDževad Prekazi
33%
1985/1986MFDževad Prekazi
33%
1987/1988MFDževad Prekazi
33%
1988/1989MFDževad Prekazi
33%
1998/1999DFFatih Akyel
33%
1997/1998DFFatih Akyel
33%
2015/2016DFLionel Carole
33%
2016/2017DFLionel Carole
33%
2001/2002MFSergen Yalçın
33%
2007/2008MFBarış Özbek
32%
2014/2015 UCLMFBlerim Džemaili
32%
2020/2021MFEmre Kılınç
32%
2005/2006MFSaša Ilić
32%
2006/2007MFSaša Ilić
32%
2014/2015 UCLDFTarık Çamdal
32%
1993/1994MFHamza Hamzaoğlu
30%
1991/1992MFHamza Hamzaoğlu
30%
1994/1995MFHamza Hamzaoğlu
30%
1992/1993MFHamza Hamzaoğlu
30%
2009/2010DFLucas Neill
30%
2010/2011DFLucas Neill
30%
2010/2011MFMustafa Sarp
30%
2009/2010MFMustafa Sarp
30%
2004/2005DFCihan Haspolatlı
29%
2005/2006DFCihan Haspolatlı
29%
2002/2003MFCihan Haspolatlı
29%
2009/2010MFElano
29%
2020/2021MFOghenekaro Etebo
29%
2010/2011MFLorik Cana
28%
1986/1987MFUgur Tütüneker
26%
1988/1989MFUgur Tütüneker
26%
1987/1988MFUgur Tütüneker
26%
1989/1990MFUgur Tütüneker
26%
1990/1991MFUgur Tütüneker
26%
1992/1993MFUgur Tütüneker
26%
2008/2009DFFernando Meira
25%
2003/2004DFFrank De Boer
25%
2016/2017MFNigel de Jong
25%
2007/2008DFVolkan Yaman
25%
1988/1989DFCüneyt Tanman
23%
1990/1991DFCüneyt Tanman
23%
1985/1986MFCüneyt Tanman
23%
1989/1990DFCüneyt Tanman
23%
1987/1988DFCüneyt Tanman
23%
1986/1987MFCüneyt Tanman
23%
1984/1985MFCüneyt Tanman
23%
2005/2006MFAlioum Saidou
22%
2001/2002MFAndres Fleurquin
22%
2003/2004DFCésar Prates
22%
1997/1998DFIulian Filipescu
22%
1998/1999DFIulian Filipescu
22%
1996/1997DFIulian Filipescu
22%
1994/1995STSaffet Sancaklı
22%
1995/1996 UC QSTSaffet Sancaklı
22%
1997/1998STAdrian Ilie
20%
1996/1997STAdrian Ilie
20%
2002/2003STElvir Baljić
20%
1992/1993DFFalko Götz
20%
1993/1994DFFalko Götz
20%
2006/2007MFJunichi Inamoto
20%
1993/1994STKubilay Türkyilmaz
20%
1994/1995STKubilay Türkyilmaz
20%
1995/1996 UC QSTKubilay Türkyilmaz
20%
2003/2004MFOvidiu Petre
19%
2001/2002DFSébastien Pérez
19%
1996/1997 CWCDFVedat Inceefe
19%
1996/1997DFVedat Inceefe
19%
1985/1986MFArif Kocabıyık
16%
2003/2004STFlorin Bratu
14%
1991/1992STRoman Kosecki
14%
1990/1991STRoman Kosecki
14%
2003/2004MFBatista
13%
2002/2003MFBatista
13%
2004/2005MFFlávio Conceição
13%
1985/1986DFIsmail Demiriz
13%
1988/1989DFIsmail Demiriz
13%
1987/1988DFIsmail Demiriz
13%
1984/1985DFIsmail Demiriz
13%
1986/1987DFIsmail Demiriz
13%
1991/1992DFIsmail Demiriz
13%
1989/1990DFIsmail Demiriz
13%
1990/1991DFIsmail Demiriz
13%
1993/1994DFYusuf Tepekule
13%
1995/1996 UC QMFYusuf Tepekule
13%
1994/1995DFYusuf Tepekule
13%
1986/1987STİlyas Tüfekçi
10%
1987/1988MFDidier Six
9%
1987/1988STMirsad Kovačević
9%
1988/1989STMirsad Kovačević
9%
1986/1987STMirsad Kovačević
9%
1994/1995DFSedat Balkanlı
9%
1995/1996STDean Saunders
7%
1995/1996 UC QSTDean Saunders
7%
1994/1995MFNorman Mapeza
7%
1993/1994DFReinhard Stumpf
7%
1992/1993DFReinhard Stumpf
7%
1984/1985MFRüdiger Abramczik
7%
1992/1993STTorsten Gütschow
7%
1985/1986STErdal Keser
6%
1984/1985STErdal Keser
6%
1989/1990MFErdal Keser
6%
1990/1991MFErdal Keser
6%
1986/1987DFErhan Önal
6%
1985/1986DFErhan Önal
6%
1984/1985DFErhan Önal
6%
1989/1990DFErhan Önal
6%
1987/1988DFErhan Önal
6%
1991/1992DFErhan Önal
6%
1988/1989DFErhan Önal
6%
1989/1990STHasan Vezir
6%
1988/1989MFSavaş Demiral
6%
1987/1988MFSavaş Demiral
6%
1988/1989MFSavaş Koç
6%
1995/1996 UC QDFBarry Venison
4%
1995/1996 UC QDFBekir Gür
3%
1984/1985STBülent Alkılıç
3%
1985/1986STBülent Alkılıç
3%
1988/1989DFSemih Yuvakuran
3%
1986/1987DFSemih Yuvakuran
3%
1987/1988DFSemih Yuvakuran
3%
1989/1990DFSemih Yuvakuran
3%
1995/1996DFUlrich van Gobbel
3%
1996/1997 CWCDFUlrich van Gobbel
3%
1995/1996DFFetı Okuroğlu
1%
1991/1992MFIosif Rotariu
1%
1990/1991MFIosif Rotariu
1%
1989/1990MFMuhammed Altıntaş
1%
1990/1991MFMuhammed Altıntaş
1%
1991/1992MFMuhammed Altıntaş
1%
1985/1986DFRaşit Çetiner
1%
1986/1987DFRaşit Çetiner
1%
1984/1985DFRaşit Çetiner
1%
1985/1986MFYusuf Altıntaş
1%
1990/1991DFYusuf Altıntaş
1%
1992/1993DFYusuf Altıntaş
1%
1986/1987MFYusuf Altıntaş
1%
1991/1992DFYusuf Altıntaş
1%
1984/1985MFYusuf Altıntaş
1%
1985/1986DFAhmet Ceyhan
0%
1984/1985DFAhmet Ceyhan
0%

Score Distribution

Percentile by Number Answered

Percent of People with Each Score

Your Score History

You have not taken this quiz since the last reset